Statistiken für US-Bundesstaaten - Abkürzung zum Bundesstaat

Klicken Sie hier um das Quiz zu spielen!

Allgemein

  • Dieses Quiz wurde 380 mal gespielt
  • Das Durchschnittsergebnis liegt bei 34 aus 50

Antwortstatistiken

AbkürzungBundesstaat% Korrekt
ALAlabama
93%
FLFlorida
90%
AZArizona
89%
NYNew York
87%
ILIllinois
86%
INIndiana
86%
OHOhio
85%
CAKalifornien
84%
KSKansas
83%
TXTexas
83%
IDIdaho
82%
ARArkansas
81%
UTUtah
79%
NJNew Jersey
77%
COColorado
76%
KYKentucky
76%
NVNevada
76%
OKOklahoma
76%
WYWyoming
75%
AKAlaska
73%
NDNorth Dakota
72%
OROregon
72%
WAWashington
72%
DEDelaware
70%
SDSouth Dakota
70%
NCNorth Carolina
69%
SCSouth Carolina
68%
TNTennessee
66%
HIHawaii
65%
CTConnecticut
62%
GAGeorgia
62%
NHNew Hampshire
62%
IAIowa
61%
NMNew Mexico
60%
MTMontana
59%
WVWest Virginia
59%
WIWisconsin
59%
MNMinnesota
58%
VTVermont
58%
VAVirginia
56%
NENebraska
55%
PAPennsylvania
55%
LALouisiana
52%
MSMississippi
52%
RIRhode Island
51%
MEMaine
50%
MIMichigan
47%
MAMassachusetts
46%
MDMaryland
39%
MOMissouri
37%

Verteilung der Resultate

Perzentil nach korrekt beantworteten Fragen

Anzahl Personen mit jedem Resultat

Ihre Resultats-Entwicklung

Sie haben dieses Quiz noch nicht gespielt